Datum a čas kvízu
35.5
Celkem bodů
Celkový počet nahraných bodů na tomto kvízu bez doplňovacích otázek.
5.
Pořadí na kvízu
Konečné umístění týmu na tomto kvízu.
Zaznamenané odpovědi
| # | Otázka | Odpověď | Body | Výsledky |
|---|---|---|---|---|
| 1. | Který živočich si minulý týden... | labuť | 0 | |
| 2. | Ze kterého důvodu zrušil minul... | C | 0 | |
| 3. | 78 dní byla na vrcholu žebříčk... | Stranger Things | 1 | |
| 4. | Minulý týden byla na technolog... | lízátko (Lollipop Star) | 1 | |
| 5. | Minulý týden skončilo juniorsk... | Vojtěch Čihař | 0 | |
| 6. | Frank Lloyd Wright bývá označo... | Guggenheimovo muzeum | 1 | |
| 7. | Seřaďte uvedené události od té... | 1D 2B 3C 4A | 1 | |
| 8. | Jak se jmenuje tato americká h... | Beastie Boys; No Sleep till Brooklyn | 0 | |
| 9. | Turisté v NYC míří nejen do di... | 1A 2B 3D 4C | 1 | |
| 10. | Jak se jmenuje fiktivní město,... | Gotham (City); Bronx | 0.5 |